Mind :introduction to cognitive science / (Record no. 2306)

000 -LEADER
fixed length control field 00990cam a2200289 a 4500
001 - CONTROL NUMBER
control field 13605061
003 - CONTROL NUMBER IDENTIFIER
control field OSt
005 - DATE AND TIME OF LATEST TRANSACTION
control field 20160706161039.0
008 - FIXED-LENGTH DATA ELEMENTS--GENERAL INFORMATION
fixed length control field 040525s2005 maua b 001 0 eng
010 ## - LIBRARY OF CONGRESS CONTROL NUMBER
LC control number 2004053091
020 ## - INTERNATIONAL STANDARD BOOK NUMBER
International Standard Book Number 0262201542 (alk. paper)
020 ## - INTERNATIONAL STANDARD BOOK NUMBER
International Standard Book Number 026270109X (pbk. : alk. paper)
040 ## - CATALOGING SOURCE
Original cataloging agency DLC
Transcribing agency DLC
Modifying agency DLC
050 00 - LIBRARY OF CONGRESS CALL NUMBER
Classification number BF311.T42 2005
082 00 - DEWEY DECIMAL CLASSIFICATION NUMBER
Classification number 153
Edition number 22
100 1# - MAIN ENTRY--PERSONAL NAME
Personal name Thagard, Paul.
245 10 - TITLE STATEMENT
Title Mind :introduction to cognitive science /
Statement of responsibility, etc Paul Thagard.
250 ## - EDITION STATEMENT
Edition statement 2nd ed.
260 ## - PUBLICATION, DISTRIBUTION, ETC. (IMPRINT)
Place of publication, distribution, etc Cambridge, Mass. :
Name of publisher, distributor, etc MIT Press,
Date of publication, distribution, etc c2005.
300 ## - PHYSICAL DESCRIPTION
Extent x, 266 p. :
Other physical details ill. ;
Dimensions 23 cm.
500 ## - GENERAL NOTE
General note "A Bradford book."
504 ## - BIBLIOGRAPHY, ETC. NOTE
Bibliography, etc Includes bibliographical references (p. [235]-256) and index.
650 #0 - SUBJECT ADDED ENTRY--TOPICAL TERM
Topical term or geographic name as entry element Cognitive science
Form subdivision Textbooks.
906 ## - LOCAL DATA ELEMENT F, LDF (RLIN)
a 7
b cbc
c orignew
d 1
e ocip
f 20
g y-gencatlg
942 ## - ADDED ENTRY ELEMENTS (KOHA)
Source of classification or shelving scheme
Koha item type Book
Holdings
Withdrawn status Lost status Source of classification or shelving scheme Damaged status Not for loan Home library Current library Shelving location Date acquired Total Checkouts Full call number Barcode Date last seen Date checked out Copy number Price effective from Koha item type
          Riara University Library Riara University Library General stack 06/07/2016 2 BF311.T42 2005 7506/16 22/01/2025 06/12/2024 C.1 06/07/2016 Book
          Riara University Library Riara University Library General stack 06/07/2016   BF311.T42 2005 7539/16 06/07/2016   C.2 06/07/2016 Book

Riara University Library,
P.O. Box 49940-00100,
Nairobi, Kenya.